000 00465cam a2200181ua 4500
020 _c24.75
041 _aeng
_h
082 _a519
_bPIP/AP
100 _aPipes, Louis A .
245 _aApplied mathematics for engineers and physicits /
_cLouis A Pipes.
_hTextual Documents
250 _a2 /
_b.
260 _aNew York :
_bMcGraw Hill Book Company ,
_c1958.
300 _a722 ; .
365 _a24.75
504 _a
942 _cBK
999 _c7382
_d7382